[Event "XI TORNEO DE AJEDREZ "]
[Site "Arrasate"]
[Date "2011.10.14"]
[Round "1.1"]
[White "Franco Alonso, Alejandro"]
[Black "Irure Crespo, Egoitz"]
[Result "1-0"]
[WhiteElo "2469"]
[BlackElo "1993"]

1.d4 d5 2.c4 c6 3.Nf3 Nf6 4.Nc3 dxc4 5.a4 Bf5 6.Nh4 Bc8 7.e3 e5 8.Bxc4 
exd4 9.exd4 Be7 10.O-O O-O 11.Re1 Nbd7 12.a5 Nd5 13.Nf5 N7f6 14.Nxd5 Nxd5 
15.Nxe7+ Nxe7 16.Bg5 Be6 17.Bxe6 fxe6 18.Rxe6 Rf7 19.Qe2 Kf8 20.Re1 1-0

[Event "XI TORNEO DE AJEDREZ "]
[Site "Arrasate"]
[Date "2011.10.14"]
[Round "1.2"]
[White "Montolio Benedicto, Cesar"]
[Black "Argandoña Riveiro, Iñigo"]
[Result "0-1"]
[WhiteElo "1973"]
[BlackElo "2387"]

1.e4 e5 2.Nf3 Nc6 3.Bb5 Qe7 4.O-O Nd8 5.c3 c6 6.Ba4 Nf6 7.Re1 d6 8.h3 g6 
9.d4 Bg7 10.Nbd2 O-O 11.Bc2 Nh5 12.Nf1 Ne6 13.Be3 Nef4 14.Kh2 h6 15.Ng3 
Nxg3 16.Kxg3 g5 17.Kh2 h5 18.Ng1 g4 19.g3 Ng6 20.h4 Bf6 21.Qd2 Kh7 22.Rad1
Rg8 23.dxe5 dxe5 24.Qd6 Bxh4 25.gxh4 Qxh4+ 26.Kg2 Be6 27.Qd2 g3 28.fxg3 
Nf4+ 29.Bxf4 exf4 30.Ne2 Rxg3+ 31.Nxg3 Rg8 32.Qf2 Qh3+ 33.Kf3 Rxg3+ 34.
Kxf4 Qh4+ 35.Ke5 Rg5+ 0-1

[Event "XI TORNEO DE AJEDREZ "]
[Site "Arrasate"]
[Date "2011.10.14"]
[Round "1.4"]
[White "Ruiz Abad, Juan Manuel"]
[Black "Prieto Aranguren, Alain"]
[Result "0-1"]
[WhiteElo "1876"]
[BlackElo "2252"]

1.e4 c6 2.d4 d5 3.e5 Bf5 4.Nf3 e6 5.Be2 Nd7 6.O-O Ne7 7.Nh4 Bg6 8.Nd2 c5 
9.c3 Nc6 10.Nxg6 hxg6 11.Nf3 Be7 12.g3 g5 13.Be3 Nf8 14.dxc5 Ng6 15.Bb5 g4
16.Nd4 Nxe5 17.b4 g5 18.Be2 Qd7 19.Nxc6 Nxc6 20.Bxg4 O-O-O 21.Qa4 f5 22.
Be2 f4 23.gxf4 e5 24.f5 d4 25.b5 Qxf5 26.Qd1 Rh4 27.Bxd4 Qh3 0-1

[Event "XI TORNEO DE AJEDREZ "]
[Site "Arrasate"]
[Date "2011.10.14"]
[Round "1.5"]
[White "Tornay Gomez, Josu"]
[Black "De Andres Andres, Eugenio"]
[Result "1-0"]
[WhiteElo "2109"]
[BlackElo "1832"]

1.e4 d6 2.Nc3 e5 3.f4 Nf6 4.Nf3 Nbd7 5.Bc4 Be7 6.O-O c6 7.Bb3 Qc7 8.d4 
exd4 9.Nxd4 O-O 10.Nf5 Nc5 11.Qf3 Bxf5 12.exf5 d5 13.g4 Nxb3 14.axb3 d4 
15.Ne2 Bc5 16.Kh1 Rad8 17.Ng3 Qd7 18.g5 Ne8 19.Bd2 Qd5 20.Qxd5 Rxd5 21.
Rfe1 Nc7 22.Ne4 Bb6 23.f6 Re8 24.fxg7 Kxg7 25.Nf6 Rxe1+ 26.Rxe1 Rb5 27.Ne4
Bc5 28.f5 Bf8 29.f6+ Kg8 30.Ng3 Ne6 31.h4 Bd6 32.Ne4 Bb4 33.Bxb4 Rxb4 34.
Nc5 d3 35.Nxe6 Rxh4+ 36.Kg2 fxe6 37.cxd3 Kf7 38.Kg3 Rd4 39.Rh1 Rxd3+ 40.
Kf4 Rd4+ 41.Ke3 Rg4 42.Rxh7+ Kf8 43.Rg7 Rg3+ 44.Kf4 Rg1 45.Rxb7 Rf1+ 46.
Kg4 Rg1+ 47.Kh5 1-0

[Event "XI TORNEO DE AJEDREZ "]
[Site "Arrasate"]
[Date "2011.10.14"]
[Round "1.6"]
[White "Arbulu Gallastegi, Arkaitz"]
[Black "Etxagibel Larrañaga, Asier"]
[Result "0-1"]
[WhiteElo "1515"]
[BlackElo "2029"]

1.c4 c6 2.b3 d5 3.cxd5 cxd5 4.Bb2 Nf6 5.Nf3 e6 6.g3 b6 7.Bg2 Bb7 8.O-O Be7
9.d3 O-O 10.Nbd2 Na6 11.Rc1 Rc8 12.Ne5 Nd7 13.Bh3 Bd6 14.Ndf3 Qe7 15.Nxd7 
Qxd7 16.Ne5 Qe7 17.e3 Rxc1 18.Qxc1 Rc8 19.Qb1 Nb4 20.a3 Nc2 21.b4 Nxa3 22.
Bxa3 Bxe5 23.d4 Bd6 24.Rc1 Rxc1+ 25.Qxc1 a5 26.f4 g6 27.g4 axb4 28.Bb2 Qc7
29.Qb1 Ba6 30.Qa2 Qc4 31.Qa4 Qe2 32.Qe8+ Bf8 33.f5 Qe1+ 34.Kg2 Bf1+ 35.Kf3
Qe2+ 36.Kf4 Bxh3 37.fxe6 Qxg4+ 0-1

[Event "XI TORNEO DE AJEDREZ "]
[Site "Arrasate"]
[Date "2011.10.21"]
[Round "2.1"]
[White "Etxagibel Larrañaga, Asier"]
[Black "Franco Alonso, Alejandro"]
[Result "0-1"]
[WhiteElo "2029"]
[BlackElo "2469"]

1.d4 Nf6 2.Bg5 e6 3.e3 d6 4.c4 h6 5.Bh4 g5 6.Bg3 Ne4 7.Ne2 Bg7 8.Nd2 Nxg3 
9.Nxg3 Rg8 10.Qc2 Nd7 11.Nh5 Nf6 12.Nxg7+ Rxg7 13.Be2 Bd7 14.O-O-O Qe7 15.
Bf3 O-O-O 16.Qb3 d5 17.h3 Bc6 18.Qc2 Kb8 19.Nb3 Ba4 20.c5 Rgg8 21.Rd3 c6 
22.Qc3 Bxb3 23.Qxb3 e5 24.Rd2 h5 25.g3 h4 26.gxh4 gxh4 27.dxe5 Nd7 28.Rd4 
Nxe5 29.Bg4 Qxc5+ 30.Kb1 Qe7 31.Qd1 Ka8 32.Ra4 c5 33.Rf4 Rg6 34.Bf3 Rgd6 
35.Bg2 Qg5 36.Rg1 Rg8 37.Qb3 Qe7 38.Qa4 Rdg6 39.Rxh4 a6 40.a3 Rxg2 41.Rxg2
Rxg2 42.Rh8+ Ka7 43.Re8 Qd7 44.Qxd7 Nxd7 45.Re7 Nf6 46.Rxf7 Rxf2 0-1

[Event "XI TORNEO DE AJEDREZ "]
[Site "Arrasate"]
[Date "2011.10.21"]
[Round "2.2"]
[White "Argandoña Riveiro, Iñigo"]
[Black "Hernando Casas, Jose Manuel"]
[Result "1-0"]
[WhiteElo "2387"]
[BlackElo "2017"]

1.Nf3 d5 2.c4 dxc4 3.Qa4+ Qd7 4.Qxc4 Qc6 5.e4 Qxc4 6.Bxc4 Nd7 7.d4 e6 8.
O-O Nb6 9.Bb3 Nf6 10.Nc3 c6 11.Re1 Bb4 12.a3 Bxc3 13.bxc3 O-O 14.a4 Re8 
15.a5 Nbd7 16.Ba3 b6 17.Bd6 Ba6 18.c4 Rec8 19.h3 h6 20.Ra3 c5 21.e5 Ne8 
22.Ba4 Nxd6 23.exd6 Nb8 24.axb6 axb6 25.Bb5 Bb7 26.Rxa8 Bxa8 27.d5 exd5 
28.d7 Nxd7 29.Bxd7 Rd8 30.Bb5 dxc4 31.Ne5 c3 32.Rc1 Bd5 33.Rxc3 Be6 34.Rc1
Rd4 35.Nc4 Bxc4 36.Bxc4 g6 37.Kf1 Kg7 38.Ke2 Rd6 39.Rd1 Rf6 40.g3 h5 41.h4
Rc6 42.Rd7 Rf6 43.f4 Kf8 44.Rb7 Ke8 45.Ke3 Kf8 46.Ke4 Kg7 47.Ke5 Rf5+ 48.
Kd6 g5 49.fxg5 Rf3 50.Kc6 Kg6 51.Kxb6 f6 52.Rf7 Rxg3 53.Rxf6+ Kg7 54.Rf4 
Rg4 55.Rxg4 hxg4 56.Kxc5 g3 57.Bd5 1-0

[Event "XI TORNEO DE AJEDREZ "]
[Site "Arrasate"]
[Date "2011.10.21"]
[Round "2.3"]
[White "Prieto Aranguren, Alain"]
[Black "Regillaga Otaño, Jon"]
[Result "1-0"]
[WhiteElo "2252"]
[BlackElo "1896"]

1.d4 e6 2.e4 d5 3.e5 c5 4.c3 Bd7 5.Nf3 Qb6 6.Be2 Bb5 7.O-O Bxe2 8.Qxe2 Nc6
9.dxc5 Bxc5 10.Nbd2 Qd8 11.b4 Bb6 12.Nb3 Nge7 13.Bg5 h6 14.Bd2 Ng6 15.b5 
Na5 16.Nxa5 Bxa5 17.Rac1 Rc8 18.Nd4 Rc4 19.f4 Bb6 20.Qd3 O-O 21.Kh1 Qd7 
22.Rb1 Rfc8 23.f5 exf5 24.Nxf5 Nxe5 25.Qh3 Qe6 26.Rbe1 Re4 27.Ne7+ Qxe7 
28.Qxc8+ Kh7 29.Rxe4 dxe4 30.Qf5+ Ng6 31.Qxf7 Qd6 32.Bc1 e3 33.Qc4 Bc7 34.
g3 Bb6 35.Qe4 e2 36.Qxe2 Qd5+ 37.Qf3 Qxb5 38.Rd1 Qc4 39.Qxb7 Qxc3 40.Qg2 
Qa1 41.Qc2 Qf6 42.Kg2 Qf8 43.Qe2 Qa8+ 44.Qf3 Qc8 45.Be3 Bxe3 46.Qxe3 Qg4 
47.Rd4 Qf5 48.Qd3 Qe6 49.Rd6 Qxa2+ 50.Kh3 Qf7 51.Qe4 Qf1+ 52.Kg4 Qf7 53.
Kh5 1-0

[Event "XI TORNEO DE AJEDREZ "]
[Site "Arrasate"]
[Date "2011.10.21"]
[Round "2.6"]
[White "De Andres Andres, Eugenio"]
[Black "Miguelez Garcia, Erlantz"]
[Result "0-1"]
[WhiteElo "1832"]
[BlackElo "2009"]

1.d4 Nf6 2.Nf3 d5 3.Bf4 g6 4.Nc3 Bg7 5.Qd2 O-O 6.h3 c5 7.g4 cxd4 8.Nxd4 
Ne4 9.Nxe4 dxe4 10.Be3 Qd5 11.Bg2 Nc6 12.Rd1 Be6 13.O-O Rad8 14.Nxc6 bxc6 
15.b3 f5 16.Qc1 Qa5 17.Rxd8 Rxd8 18.gxf5 gxf5 19.a4 Qc3 20.Rd1 Rxd1+ 21.
Qxd1 Kf7 22.Bxa7 Bd5 23.e3 Kg6 24.Bb6 c5 25.Qb1 Be5 26.a5 f4 27.exf4 Bxf4 
28.Qd1 e6 29.Qg4+ Bg5 30.h4 Qa1+ 31.Kh2 Qe5+ 32.Kg1 e3 33.Qxg5+ Qxg5 34.
hxg5 e2 35.Bxd5 e1=Q+ 0-1

[Event "XI TORNEO DE AJEDREZ "]
[Site "Arrasate"]
[Date "2011.10.28"]
[Round "3.1"]
[White "Franco Alonso, Alejandro"]
[Black "Prieto Aranguren, Alain"]
[Result "1-0"]
[WhiteElo "2469"]
[BlackElo "2252"]

1.Nf3 Nf6 2.c4 g6 3.Nc3 Bg7 4.e4 d6 5.d4 O-O 6.Be2 e5 7.Be3 Ng4 8.Bg5 f6 
9.Bh4 Nc6 10.d5 Ne7 11.Nd2 Nh6 12.f3 c5 13.a3 g5 14.Bf2 f5 15.b4 b6 16.Rb1
Ng6 17.h3 f4 18.Rb2 Nf7 19.Qb1 h5 20.Bd1 g4 21.fxg4 hxg4 22.Bxg4 Bxg4 23.
hxg4 Qg5 24.Qd1 Nh6 25.Rh5 Qxg4 26.Qxg4 Nxg4 27.Rg5 Nxf2 28.Kxf2 Rf6 29.
Nb5 Kf7 30.bxc5 dxc5 31.Nf3 Rh8 32.Nxa7 Rh1 33.Nc6 Ra1 34.Rxb6 Rxa3 35.
Ncxe5+ Nxe5 36.Nxe5+ 1-0

[Event "XI TORNEO DE AJEDREZ "]
[Site "Arrasate"]
[Date "2011.10.28"]
[Round "3.2"]
[White "Tornay Gomez, Josu"]
[Black "Argandoña Riveiro, Iñigo"]
[Result "1/2-1/2"]
[WhiteElo "2109"]
[BlackElo "2387"]

1.c4 e6 2.g3 d5 3.Bg2 dxc4 4.Nf3 Nd7 5.Na3 Bxa3 6.bxa3 Ngf6 7.O-O a6 8.Qc2
c5 9.Qxc4 b5 10.Qh4 Bb7 11.Bb2 h6 12.d3 Rc8 13.Rfd1 Qc7 14.e4 Rh7 15.g4 g5
16.Qh3 Qf4 17.Re1 e5 18.Qg3 Nxg4 19.Qxf4 gxf4 20.h3 Ngf6 21.Nxe5 Ke7 22.
Nf3 Rg8 23.Nh4 f3 24.Nxf3 Nh5 25.Bc1 f5 26.Nh4 fxe4 27.dxe4 Ne5 28.Be3 Ke6
29.Kh2 Rxg2+ 30.Kxg2 Nd3 31.f3 1/2-1/2

[Event "XI TORNEO DE AJEDREZ "]
[Site "Arrasate"]
[Date "2011.10.28"]
[Round "3.4"]
[White "Hernando Casas, Jose Manuel"]
[Black "Arbulu Gallastegi, Arkaitz"]
[Result "1-0"]
[WhiteElo "2017"]
[BlackElo "1515"]

1.e4 c5 2.Nf3 d6 3.d4 cxd4 4.Nxd4 Nf6 5.Nc3 a6 6.f3 e6 7.g4 Be7 8.Be3 b5 
9.Qd2 Bb7 10.O-O-O Nc6 11.h4 Ne5 12.g5 Nfd7 13.Kb1 Nc4 14.Bxc4 bxc4 15.h5 
Ne5 16.f4 Nc6 17.g6 Nxd4 18.gxf7+ Kxf7 19.Bxd4 Rb8 20.h6 g6 21.Rhf1 d5 22.
f5 gxf5 23.exf5 e5 24.Bxe5 Bf6 25.Qh2 Qb6 26.Bc7 Qb4 27.Bd6 Qb6 28.Qh5+ 
1-0

[Event "XI TORNEO DE AJEDREZ "]
[Site "Arrasate"]
[Date "2011.10.28"]
[Round "3.5"]
[White "Regillaga Otaño, Jon"]
[Black "Ruiz Martinez, Isidro"]
[Result "0-1"]
[WhiteElo "1896"]
[BlackElo "2014"]

1.d4 Nf6 2.Bg5 e6 3.e4 d6 4.Bxf6 Qxf6 5.Nf3 Be7 6.Nc3 O-O 7.Qd2 Nd7 8.
O-O-O c6 9.e5 dxe5 10.Ne4 Qf4 11.Qxf4 exf4 12.g3 fxg3 13.hxg3 Rd8 14.Bd3 
Nf8 15.c3 f6 16.Rh2 Bd7 17.Rdh1 b6 18.Ned2 h6 19.Nh4 Be8 20.f4 c5 21.Be4 
Rac8 22.dxc5 Bxc5 23.Nb3 Bd6 24.Nf3 Bg6 25.Bxg6 Nxg6 26.Nbd4 e5 27.Ne6 
exf4 28.Nxd8 fxg3 29.Re2 Rxd8 30.Nd4 Nf4 31.Re4 Nd3+ 0-1

[Event "XI TORNEO DE AJEDREZ "]
[Site "Arrasate"]
[Date "2011.10.28"]
[Round "3.8"]
[White "Montolio Benedicto, Cesar"]
[Black "Irure Crespo, Egoitz"]
[Result "1/2-1/2"]
[WhiteElo "1973"]
[BlackElo "1993"]

1.e4 e6 2.d3 d5 3.Nd2 Nf6 4.Ngf3 Bc5 5.h3 Bb6 6.g3 c5 7.Bg2 Nc6 8.O-O O-O 
9.Re1 Qc7 10.exd5 exd5 11.Nf1 Be6 12.Bf4 Qd7 13.Kh2 h6 14.Ne5 Nxe5 15.Bxe5
Nh7 16.Bf4 Nf6 17.Be5 Nh7 18.Bf4 Rae8 19.Qc1 Ba5 20.Bd2 Bc7 21.Bf4 Ba5 22.
Bd2 Bc7 23.Bf4 Ba5 1/2-1/2

[Event "XI TORNEO DE AJEDREZ "]
[Site "Arrasate"]
[Date "2011.11.04"]
[Round "4.1"]
[White "Argandoña Riveiro, Iñigo"]
[Black "Franco Alonso, Alejandro"]
[Result "1/2-1/2"]
[WhiteElo "2387"]
[BlackElo "2469"]

1.c4 e5 2.Nc3 Nf6 3.Nf3 Nc6 4.e4 Bc5 5.Nxe5 Nxe5 6.d4 Bb4 7.dxe5 Nxe4 8.
Qd4 Nxc3 9.bxc3 Be7 10.Qg4 Kf8 11.Qe4 d6 12.Be3 dxe5 13.Rd1 Qe8 14.Qxe5 
Bd6 15.Qxe8+ Kxe8 16.Bd4 f6 17.c5 Be5 18.Bc4 Ke7 19.O-O Be6 20.Bxe6 Kxe6 
21.Rfe1 g5 22.g3 Rhg8 23.Kf1 g4 24.Kg2 Rad8 25.f4 gxf3+ 26.Kxf3 h5 1/2-1/2

[Event "XI TORNEO DE AJEDREZ "]
[Site "Arrasate"]
[Date "2011.11.04"]
[Round "4.2"]
[White "Prieto Aranguren, Alain"]
[Black "Tornay Gomez, Josu"]
[Result "1-0"]
[WhiteElo "2252"]
[BlackElo "2109"]

1.d4 d5 2.c4 e6 3.Nc3 c5 4.cxd5 cxd4 5.Qxd4 Nc6 6.Qd1 exd5 7.e3 Nf6 8.Nf3 
Bc5 9.Be2 O-O 10.O-O Bg4 11.b3 Qe7 12.Bb2 Rfd8 13.Nd4 Bxe2 14.Ncxe2 Ne4 
15.Nf4 g6 16.Rc1 Rac8 17.Nxc6 bxc6 18.Rc2 Bd6 19.Qd4 f6 20.Nd3 Kg7 21.b4 
a5 22.a3 axb4 23.axb4 Bb8 24.Ra1 Qd6 25.g3 Ng5 26.Kg2 Qe6 27.Nf4 Qf5 28.h4
Be5 29.Qd3 Ne4 30.f3 Bxf4 31.gxf4 Nd6 32.Ra7+ Kg8 33.Qxf5 Nxf5 34.Kf2 Rf8 
35.Ra6 Ne7 36.Bd4 Ra8 37.Rxa8 Rxa8 38.Bxf6 Kf7 39.Bxe7 Kxe7 40.Rxc6 Rb8 
41.Rc7+ Ke6 42.Rxh7 Rxb4 43.h5 Kf6 44.hxg6 Kxg6 45.Rd7 Rb2+ 46.Kg3 Re2 47.
Re7 d4 48.e4 d3 49.Rd7 d2 50.Rd6+ Kf7 51.f5 Ke7 52.Rd5 Kf7 53.Kf4 Kf6 54.
e5+ Ke7 55.f6+ Ke6 56.Rd6+ Kf7 57.Kf5 Rh2 58.e6+ Kg8 59.f4 Re2 60.f7+ Kg7 
61.Rd8 1-0

[Event "XI TORNEO DE AJEDREZ "]
[Site "Arrasate"]
[Date "2011.11.04"]
[Round "4.3"]
[White "Etxagibel Larrañaga, Asier"]
[Black "Miguelez Garcia, Erlantz"]
[Result "1/2-1/2"]
[WhiteElo "2029"]
[BlackElo "2009"]

1.d4 Nf6 2.Bg5 e6 3.e3 d5 4.Bd3 Nbd7 5.Nf3 c5 6.c3 Qc7 7.Nbd2 Bd6 8.Qc2 a6
9.O-O Ng4 10.h3 h6 11.Bh4 Nh2 12.Nxh2 Bxh2+ 13.Kh1 Bd6 14.f4 cxd4 15.cxd4 
Qxc2 16.Bxc2 Nb6 17.f5 O-O 18.fxe6 fxe6 19.Rxf8+ Bxf8 20.Bd8 Nc4 21.Nxc4 
dxc4 22.Bb6 Bd7 23.Rc1 Bd6 24.Be4 Rf8 25.Bf3 Bb5 26.Kg1 Rc8 27.b3 Ba3 28.
Rc2 c3 29.Ba5 b6 30.Bg4 Rc6 31.Bf3 bxa5 32.Bxc6 Bxc6 33.Rxc3 Be4 34.Kf2 
Kh7 35.g3 Kg6 36.Rc7 Kf6 37.Ra7 Bd3 38.Kf3 Bb2 39.Rc7 h5 40.Rc5 g6 41.Rxa5
Bc3 42.Rc5 Bb4 43.Re5 Bb1 44.a3 Bd2 45.Rc5 Bd3 46.Rc8 h4 47.gxh4 Be1 48.b4
Bxh4 49.e4 Bg5 50.Rc6 Bb5 51.Rb6 Kf7 52.d5 exd5 53.exd5 Bd3 54.a4 Bd8 55.
Rb7+ Kf6 56.b5 axb5 57.axb5 Ke5 58.Rd7 Bb6 59.h4 Be4+ 60.Kg3 Bxd5 61.h5 
1/2-1/2

[Event "XI TORNEO DE AJEDREZ "]
[Site "Arrasate"]
[Date "2011.11.04"]
[Round "4.4"]
[White "Ruiz Martinez, Isidro"]
[Black "Hernando Casas, Jose Manuel"]
[Result "1/2-1/2"]
[WhiteElo "2014"]
[BlackElo "2017"]

1.e4 e6 2.d4 d5 3.Nc3 Bb4 4.e5 c5 5.a3 Bxc3+ 6.bxc3 Ne7 7.Qg4 Qc7 8.Qxg7 
Rg8 9.Qxh7 cxd4 10.Ne2 Nbc6 11.f4 dxc3 12.Qd3 d4 13.Nxd4 Nxd4 14.Qxd4 Nf5 
15.Bb5+ Bd7 16.Qxd7+ Qxd7 17.Bxd7+ Kxd7 18.Kf2 Rac8 19.Rb1 b6 20.Rb4 Rc5 
21.Rd1+ Rd5 22.Rd3 Rc8 23.Rxd5+ exd5 24.g4 Ne7 25.Rd4 Ke6 26.h4 Nc6 27.Rd3
d4 28.Kf3 Kd5 29.h5 b5 30.h6 b4 31.g5 Rh8 32.Ke2 b3 33.cxb3 Na5 34.e6 Nxb3
35.Kd1 Kxe6 36.Kc2 Nxc1 37.Kxc1 Kd5 38.Rh3 Ke4 39.Rh4 d3 40.h7 Kf5 1/2-1/2

[Event "XI TORNEO DE AJEDREZ "]
[Site "Arrasate"]
[Date "2011.11.04"]
[Round "4.5"]
[White "Regillaga Otaño, Jon"]
[Black "Ruiz Abad, Juan Manuel"]
[Result "0-1"]
[WhiteElo "1896"]
[BlackElo "1876"]

1.d4 Nf6 2.Bg5 c5 3.c3 Qb6 4.Qc2 cxd4 5.cxd4 Na6 6.e3 Qa5+ 7.Nc3 Qxg5 8.
Nf3 Qa5 9.Bc4 d5 10.Bb3 e6 11.O-O Be7 12.a3 O-O 13.Rae1 Bd7 14.Ba2 Rac8 
15.Qd3 Bxa3 16.Nxd5 exd5 0-1

[Event "XI TORNEO DE AJEDREZ "]
[Site "Arrasate"]
[Date "2011.11.11"]
[Round "5.1"]
[White "Franco Alonso, Alejandro"]
[Black "Tornay Gomez, Josu"]
[Result "1-0"]
[WhiteElo "2469"]
[BlackElo "2109"]

1.d4 d5 2.c4 Nc6 3.Nc3 dxc4 4.Nf3 Nf6 5.Bg5 Bg4 6.d5 Bxf3 7.exf3 Ne5 8.Qd4
Nd3+ 9.Bxd3 cxd3 10.O-O-O c6 11.Bxf6 gxf6 12.Rxd3 Qc7 13.Kb1 Bg7 14.f4 c5 
15.Qe4 O-O-O 16.Rc1 Kb8 17.Nb5 Qa5 18.Rb3 a6 19.Nc3 Rd7 20.Qf5 Rc7 21.d6 
exd6 22.Ra3 Qb4 23.Nd5 Qd2 24.Nxc7 Kxc7 25.Re3 Qxf2 26.Re7+ Kb8 27.Qd5 1-0

[Event "XI TORNEO DE AJEDREZ "]
[Site "Arrasate"]
[Date "2011.11.11"]
[Round "5.2"]
[White "Prieto Aranguren, Alain"]
[Black "Argandoña Riveiro, Iñigo"]
[Result "1/2-1/2"]
[WhiteElo "2252"]
[BlackElo "2387"]

1.d4 d6 2.c4 e5 3.Nf3 e4 4.Ng5 f5 5.Nc3 Be7 6.Nh3 Nf6 7.g3 O-O 8.Bg2 c6 9.
d5 Na6 10.O-O Nc7 11.f3 b5 12.cxb5 cxb5 13.Qb3 b4 14.Qxb4 Nfxd5 15.Nxd5 
Nxd5 16.Qb5 Nf6 17.Rd1 Qb6+ 18.Qxb6 axb6 19.Be3 Ra6 20.Nf4 g5 21.Nd5 Nxd5 
22.Rxd5 f4 23.Bd4 e3 24.Rb5 Be6 25.Rxb6 Rxb6 26.Bxb6 Bf6 27.Rd1 Bxb2 28.
Rxd6 Bxa2 29.Bh3 Rf6 30.Rxf6 Bxf6 31.Bc7 1/2-1/2

[Event "XI TORNEO DE AJEDREZ "]
[Site "Arrasate"]
[Date "2011.11.11"]
[Round "5.3"]
[White "Hernando Casas, Jose Manuel"]
[Black "Etxagibel Larrañaga, Asier"]
[Result "1/2-1/2"]
[WhiteElo "2017"]
[BlackElo "2029"]

1.e4 c5 2.Nf3 Nc6 3.Nc3 g6 4.d4 cxd4 5.Nxd4 Bg7 6.Be3 Nf6 7.Bc4 Qa5 8.O-O 
O-O 9.Nb3 Qc7 10.f4 d6 11.Be2 Be6 12.Bf3 Na5 13.Nxa5 Qxa5 14.Bd4 Rac8 15.
a3 Nd7 16.Rf2 Bxd4 17.Qxd4 Rc4 18.Qe3 Qb6 19.Qxb6 Nxb6 20.Rd1 Rfc8 21.Rdd2
Rxc3 22.bxc3 Nc4 23.Rd1 Nxa3 24.e5 dxe5 25.Bxb7 Rxc3 26.fxe5 Re3 27.Rf3 
Nxc2 28.Rxe3 Nxe3 29.Rd8+ Kg7 30.Re8 a5 31.Bc6 Nc4 32.Rxe7 Nxe5 33.Ba4 Nd3
34.Ra7 Nc5 35.Rxa5 Nxa4 36.Rxa4 Bb3 37.Ra6 Bc4 38.Rb6 h5 39.Kf2 Ba2 40.Rd6
Be6 41.Ke3 Bb3 42.Kf4 Bc4 43.Kg5 Bb3 44.h3 Bc4 45.g4 hxg4 46.Kxg4 Bb3 47.
Kg5 Bc4 48.h4 Be2 49.Rd7 Bc4 50.h5 gxh5 51.Kxh5 Kf6 52.Rd4 1/2-1/2

[Event "XI TORNEO DE AJEDREZ "]
[Site "Arrasate"]
[Date "2011.11.11"]
[Round "5.4"]
[White "Ruiz Abad, Juan Manuel"]
[Black "Ruiz Martinez, Isidro"]
[Result "1/2-1/2"]
[WhiteElo "1876"]
[BlackElo "2014"]

1.e4 e5 2.Nf3 Nc6 3.Bb5 a6 4.Bxc6 dxc6 5.O-O Qd6 6.Na3 Be6 7.d3 O-O-O 8.
Qe2 f6 9.Bd2 g6 10.Nc4 Bxc4 1/2-1/2

[Event "XI TORNEO DE AJEDREZ "]
[Site "Arrasate"]
[Date "2011.11.11"]
[Round "5.5"]
[White "Miguelez Garcia, Erlantz"]
[Black "Irure Crespo, Egoitz"]
[Result "0-1"]
[WhiteElo "2009"]
[BlackElo "1993"]

1.e4 d5 2.exd5 Qxd5 3.Nc3 Qd8 4.d4 Nf6 5.Bc4 c6 6.Nf3 Bf5 7.Ne5 e6 8.g4 
Bg6 9.h4 Bb4 10.f3 Nd5 11.h5 Nxc3 12.Qd2 Nb5 13.c3 f6 14.hxg6 fxe5 15.Rxh7
Rxh7 16.gxh7 Qh4+ 17.Qf2 Qxh7 18.dxe5 Nxc3 19.Bd2 Qh1+ 20.Bf1 Nd5 21.O-O-O
Bxd2+ 22.Qxd2 Qxf3 23.Qg5 Qe3+ 0-1

[Event "XI TORNEO DE AJEDREZ "]
[Site "Arrasate"]
[Date "2011.11.11"]
[Round "5.6"]
[White "De Andres Andres, Eugenio"]
[Black "Arbulu Gallastegi, Arkaitz"]
[Result "0-1"]
[WhiteElo "1832"]
[BlackElo "1515"]

1.d4 d5 2.Bf4 e6 3.Nf3 f5 4.e3 Nf6 5.Bd3 Bd6 6.Ne5 O-O 7.Nd2 c6 8.h3 Ne4 
9.h4 Nd7 10.Bxe4 Bxe5 11.Bxd5 cxd5 12.Bxe5 Nxe5 13.dxe5 f4 14.exf4 Rxf4 
15.g3 Rf5 16.f4 Qb6 17.Nf3 Bd7 18.Qd4 Qa6 19.Kf2 Rc8 20.b3 Rxc2+ 21.Ke3 
Qe2# 0-1

[Event "XI TORNEO DE AJEDREZ "]
[Site "Arrasate"]
[Date "2011.11.18"]
[Round "6.2"]
[White "Argandoña Riveiro, Iñigo"]
[Black "Ruiz Abad, Juan Manuel"]
[Result "1-0"]
[WhiteElo "2387"]
[BlackElo "1876"]

1.c4 Nf6 2.Nc3 c5 3.Nf3 Nc6 4.d4 cxd4 5.Nxd4 g6 6.e4 d6 7.Be2 Nxd4 8.Qxd4 
Bg7 9.Bg5 Qa5 10.Qd2 O-O 11.O-O Be6 12.Rad1 Rfc8 13.b3 a6 14.Bxf6 exf6 15.
Na4 Qxd2 16.Rxd2 Rc6 17.Bf3 Bf8 18.e5 fxe5 19.Bxc6 bxc6 20.Rfd1 Kg7 21.
Rxd6 Bxd6 22.Rxd6 Ra7 23.Nc5 Kf6 24.Rxc6 a5 25.Kf1 Ke7 26.Nxe6 fxe6 27.Ke2
a4 28.b4 a3 29.c5 Rd7 30.b5 Rd4 31.Rc7+ Kd8 32.b6 Rb4 33.Rxh7 Rb5 34.b7 
1-0

[Event "XI TORNEO DE AJEDREZ "]
[Site "Arrasate"]
[Date "2011.11.18"]
[Round "6.3"]
[White "Etxagibel Larrañaga, Asier"]
[Black "Prieto Aranguren, Alain"]
[Result "0-1"]
[WhiteElo "2029"]
[BlackElo "2252"]

1.d4 Nf6 2.Bg5 c5 3.Bxf6 gxf6 4.d5 Qb6 5.Qc1 f5 6.e3 Bg7 7.c3 d6 8.g3 Nd7 
9.Nh3 Ne5 10.Be2 Bd7 11.Na3 h5 12.Qc2 h4 13.O-O-O Qa5 14.Nf4 b5 15.Nh5 
Rxh5 16.Bxh5 b4 17.Nb1 Qxa2 18.Rd2 b3 19.Qd1 Nc4 20.gxh4 Nxd2 21.Qxd2 Bf6 
22.Rg1 O-O-O 23.Bxf7 Bxh4 24.Rg8 Rxg8 25.Bxg8 Qa6 26.f3 Qf1+ 27.Qd1 Qf2 
28.Qxb3 Qg1+ 29.Qd1 Qxg8 0-1

[Event "XI TORNEO DE AJEDREZ "]
[Site "Arrasate"]
[Date "2011.11.18"]
[Round "6.4"]
[White "Irure Crespo, Egoitz"]
[Black "Hernando Casas, Jose Manuel"]
[Result "1/2-1/2"]
[WhiteElo "1993"]
[BlackElo "2017"]

1.e4 e6 2.d4 d5 3.exd5 exd5 4.Bf4 Bd6 5.Bxd6 Qxd6 6.c3 Nf6 7.Bd3 O-O 8.Nd2
Bg4 9.Ne2 Re8 10.f3 Bh5 11.O-O Bg6 12.Nb3 Nbd7 13.Bxg6 hxg6 14.Qd2 Re7 15.
Rae1 Rae8 16.Ng3 Nh5 17.Rxe7 Qxe7 18.Kf2 Qh4 19.Re1 Rf8 20.Na5 Qxh2 21.
Nxh5 gxh5 22.Nxb7 Nf6 23.Nc5 Rb8 24.b3 Rb6 25.Qg5 h4 26.Nd3 Rc6 27.Nc5 g6 
28.Qe5 Qxe5 1/2-1/2

[Event "XI TORNEO DE AJEDREZ "]
[Site "Arrasate"]
[Date "2011.11.18"]
[Round "6.5"]
[White "Arbulu Gallastegi, Arkaitz"]
[Black "Miguelez Garcia, Erlantz"]
[Result "0-1"]
[WhiteElo "1515"]
[BlackElo "2009"]

1.d4 Nf6 2.c4 e6 3.Nc3 c5 4.d5 exd5 5.cxd5 d6 6.e4 g6 7.Nf3 Bg7 8.Bd3 O-O 
9.O-O Re8 10.Bf4 Na6 11.a3 Nc7 12.Nd2 Nh5 13.Be3 Rb8 14.Nb5 Bxb2 15.Ra2 
Be5 16.f4 Bg7 17.g4 Nxd5 18.exd5 Rxe3 19.gxh5 Rxd3 20.Qe2 Bf5 21.Nc4 Rxd5 
22.Ne3 Bd3 23.Qd2 Bxb5 24.Qxd5 Bxf1 25.Kxf1 Qh4 26.Qxd6 Re8 27.Re2 Qh3+ 
0-1

[Event "XI TORNEO DE AJEDREZ "]
[Site "Arrasate"]
[Date "2011.11.18"]
[Round "6.6"]
[White "Tornay Gomez, Josu"]
[Black "Montolio Benedicto, Cesar"]
[Result "1-0"]
[WhiteElo "2109"]
[BlackElo "1973"]

1.e4 e5 2.Bc4 Nf6 3.d4 Nxe4 4.dxe5 Nc5 5.Be3 Ne6 6.f4 Bc5 7.Bxc5 Nxc5 8.
Nf3 O-O 9.Nc3 Nc6 10.O-O b6 11.a3 Ba6 12.Bxa6 Nxa6 13.b4 Ne7 14.Qd3 Qc8 
15.Rae1 h6 16.f5 Nb8 17.Nh4 Qe8 18.f6 Ng6 19.Nxg6 fxg6 20.Qd5+ 1-0

[Event "XI TORNEO DE AJEDREZ "]
[Site "Arrasate"]
[Date "2011.11.18"]
[Round "6.8"]
[White "Regillaga Otaño, Jon"]
[Black "De Andres Andres, Eugenio"]
[Result "1-0"]
[WhiteElo "1896"]
[BlackElo "1832"]

1.d4 Nf6 2.Bg5 Ne4 3.Bf4 c5 4.f3 Nf6 5.dxc5 Qa5+ 6.Nc3 Qxc5 7.e4 e5 8.Bg3 
Nc6 9.Qd2 Qa5 10.Bc4 Bb4 11.Nge2 a6 12.a3 b5 13.Ba2 Be7 14.b4 Qc7 15.Nd5 
Nxd5 16.exd5 Nd8 17.O-O f5 18.Rfc1 Bb7 19.c4 Qb6+ 20.c5 Qg6 21.Bxe5 Nf7 
22.Bf4 Bf6 23.Qe3+ Kf8 24.Rab1 Re8 25.Qd3 Ne5 26.Bxe5 Rxe5 27.c6 Bc8 28.
cxd7 Bxd7 29.Nf4 Qe8 30.d6 Re3 31.Qd1 Rxa3 32.Rc2 Qe3+ 33.Kh1 Qxf4 34.Qd5 
Rxa2 35.Rxa2 g5 36.Rxa6 Be5 37.g3 Qd4 38.Qxd4 Bxd4 39.Re1 Bf6 40.Ra7 Bc6 
41.Rc7 Bxf3+ 42.Kg1 Bd4+ 43.Kf1 Bb6 44.Rc8+ Kg7 45.Re7+ 1-0